00450nam a2200145Ia 4500008004100000020001500041050002500056100002700081245007000108260004400178300002100222500004100243521000700284650001300291140321s9999 xx 000 0 und d a9717250880 aQA 154.2b.T137 2012 aTalamayan, Cecil Lelis aCollege algebra /cCecil Lelis Talamayan and Crizaldy P. Binarao. aManila :bGrandbooks Pub. Inc.,cc2012. a357 p. :c26 cm. aIncludes bibliographical references. aGE aAlgebra.